000 00516nam a2200121 a 4500
008 080513s1987 ||||||||||||||||| || u
050 _aTHESIS/STUDENT
100 _aLiweleya, Likwasi Peter
245 1 0 _aLand administration policies in pre and post indepedent Zambia
260 _aKitwe
_bCopperbelt University, School of Built Environment
_c1987
350 _a0.00
995 _D0.00
_FCBU-MAIN LIBRARY (Kitwe)
_H1
_I0.00
_M1
_UAVAILABLE
_WMay 13, 2008
_ZUniversity Collection
999 _c48766
_d48766